Exposing the elephants : creating exceptional nonprofits

Exposing the Elephants takes an honest look at the fundamental obstacles facing the nonprofit sector, with topics including: The Wide Reach of Nonprofits; The Role of Nonprofits; Myths That Surround Nonprofits; Rating Nonprofit Performance; The Five Elephants of the Nonprofit Industry; "Live Le...

ver descrição completa

Na minha lista:
Detalhes bibliográficos
Autor principal: Wilcox, Pamela J.
Formato: Livro
Idioma:Undetermined
Publicado em: Hoboken, N.J. John Wiley & Sons 2006
Assuntos:
Tags: Adicionar Tag
Sem tags, seja o primeiro a adicionar uma tag!
Thư viện lưu trữ: Trung tâm Học liệu Trường Đại học Cần Thơ
LEADER 01127nam a2200229Ia 4500
001 CTU_163952
008 210402s9999 xx 000 0 und d
020 |c 29.95 
082 |a 658.048 
082 |b W667 
100 |a Wilcox, Pamela J. 
245 0 |a Exposing the elephants : 
245 0 |b creating exceptional nonprofits 
245 0 |c Pamela J. Wilcox 
260 |a Hoboken, N.J. 
260 |b John Wiley & Sons 
260 |c 2006 
520 |a Exposing the Elephants takes an honest look at the fundamental obstacles facing the nonprofit sector, with topics including: The Wide Reach of Nonprofits; The Role of Nonprofits; Myths That Surround Nonprofits; Rating Nonprofit Performance; The Five Elephants of the Nonprofit Industry; "Live Lessons" and "At the Salt Mines"—mini- dramas demonstrating the challenging situations that arise within a nonprofit—and the tools and techniques to bring about real change 
650 |a Nonprofit organizations,Các tổ chức phi lợi nhuận 
650 |x Management,Quản lý 
910 |a Nguyên 
980 |a Trung tâm Học liệu Trường Đại học Cần Thơ